000 00250nam a2200109Ia 4500
008 190216s9999||||xx |||||||||||||| ||und||
100 _aK K N Nair
245 0 _aYugangalum Presthanangalum
260 _bNull
650 _aEssay Malayalam
942 _cBK
999 _c25040
_d25040